№ 1; Вестник Московского университета

書目詳細資料
Parent link:Вестник Московского университета: научный журнал/ Московский государственный университет им. М. В. Ломоносова (МГУ). № 1.— , 1993-
語言:俄语
出版: 2013
格式: MixedMaterials 圖書
KOHA link:https://koha.lib.tpu.ru/cgi-bin/koha/opac-detail.pl?biblionumber=505798

MARC

LEADER 00000nam2a2200000 4500
001 505798
005 20231101103102.0
035 |a (RuTPU)RU\TPU\prd\176627 
090 |a 505798 
100 |a 20130422a19469999k y0rusy50 ca 
101 0 |a rus 
102 |a RU 
200 0 |a № 1 
210 |d 2013 
461 1 |0 (RuTPU)RU\TPU\prd\1392  |t Вестник Московского университета  |h Сер. 7  |i Философия  |o научный журнал  |f Московский государственный университет им. М. В. Ломоносова (МГУ)  |v № 1  |d 1993- 
801 0 |a RU  |b 63413507  |c 20010227  |g PSBO 
801 1 |a RU  |b 63413507  |c 20130422 
801 2 |a RU  |b 63413507  |c 20201201  |g RCR 
942 |c BK 
999 |a НТБ_ТПУ  |b НФ  |e -1/20130109  |p П-5509ф  |s 5/20121010  |u 0,00  |v 1